Word Ladder: Missing Movie Titles Quiz Stats

Quiz Updated Apr 16, 2015

Challenge
Share
Tweet
Score 0/18 Timer 02:00
4 Plays Today
Movie Title Missing Word % Correct
Kill ____: Vol. 1BILL
97.9%
Good ____ HuntingWILL
97.1%
A ____ of Two SistersTALE
95.7%
Chitty Chitty ____ ____BANG
95.4%
____ the LineWALK
95.1%
We Need to ____ About KevinTALK
94.4%
Daddy Day ____CARE
93.6%
____ StreetWALL
90.2%
The Spy Who ____ in from the ColdCAME
87.8%
Movie Title Missing Word % Correct
Drag Me to ____HELL
84.9%
Cool ____ LukeHAND
83.5%
____ 'Em HighHANG
82.5%
The Diving ____ and the ButterflyBELL
77.6%
____ CandyHARD
72.9%
Green ____CARD
70.9%
He Got ____GAME
70.5%
The Life of David ____GALE
66.9%
The ____ JobBANK
58.6%

Today's Daily Dose

You're not logged in!

Compare scores with friends on all Sporcle quizzes.
Join for Free
OR
Log In

You Might Also Like...

Show Comments

Extras

Top Quizzes Today


Score Distribution

Your Account Isn't Verified!

In order to create a playlist on Sporcle, you need to verify the email address you used during registration. Go to your Sporcle Settings to finish the process.

Report this User

Report this user for behavior that violates our Community Guidelines.

Details: